Score 0/15 Timer 04:00
2 Plays Today
% Correct
Drink like a fish
93.8%
Milk of human kindness
93.6%
It's no use crying over spilled milk
93.4%
Champagne taste on a beer budget
93.1%
Not one's cup of tea
92%
New wine in old bottles
90.8%
A fish out of water
90.4%
In hot water
90.3%
% Correct
Come hell or high water
89%
Keep one's head above water
87.9%
Water off a duck's back
86.6%
A storm in a teacup
84.4%
Not for all the tea in China
84.3%
Of the first water
82.5%
To not hold water
82.4%
Remove Ads.
Support Sporcle.
Get the best of Sporcle when you Go Orange. This ad-free experience offers more features, more stats, and more fun while also helping to support Sporcle. Thank you for becoming a member.

You're not logged in!

Compare scores with friends on all Sporcle quizzes.
OR
Log In

Show Comments

Extras

Top Quizzes Today


Score Distribution

Your Account Isn't Verified!

In order to create a playlist on Sporcle, you need to verify the email address you used during registration. Go to your Sporcle Settings to finish the process.

Report this User

Report this user for behavior that violates our Community Guidelines.

Details: